Cat Names Quiz Stats

 Plays Quiz Updated Oct 31, 2018

Score 0/40 Timer 07:00
3 Plays Today
Gender Name % Correct
FemaleKitty
53.8%
MaleTiger
34.5%
MaleMax
30.9%
FemalePrincess
29%
MaleSam
27.2%
MaleTigger
17.3%
MaleJack
17.1%
MaleLeo
15.8%
FemaleMolly
14.8%
FemaleLucy
14.6%
FemaleLily
14.6%
FemaleLuna
14.1%
FemaleBella
13.7%
MaleOreo
13.7%
MaleCharlie
13%
FemaleLola
12.7%
MaleSmokey
11.9%
MaleSimba
11.7%
FemaleDaisy
11%
FemaleChloe
11%
Gender Name % Correct
FemaleAbby
10.9%
MaleShadow
10.2%
FemaleMia
10.2%
MaleBuddy
10.1%
MaleJasper
10%
MaleOliver
9.8%
MaleRocky
9.5%
MaleOscar
9.1%
FemaleSophie
8.5%
FemaleAngel
8.3%
MaleSammy
8%
FemaleMaggie
7.9%
FemaleCallie
7.3%
FemaleCleo
6.9%
FemaleZoe
6.7%
MaleToby
6.5%
MaleMilo
5.8%
MaleSimon
5.5%
FemaleSasha
4.2%
FemaleGracie
3.8%

You're not logged in!

Compare scores with friends on all Sporcle quizzes.
OR
Log In

Sporcle TV

Today on Sporcle TV


Watch our educational content, quiz creation guides, and fun videos on Sporcle TV.

Show Comments

Extras

Top Quizzes Today


Score Distribution

Your Account Isn't Verified!

In order to create a playlist on Sporcle, you need to verify the email address you used during registration. Go to your Sporcle Settings to finish the process.

Report this User

Report this user for behavior that violates our Community Guidelines.

Details: